| 000 | 00931cad a22002055a 4500 | ||
|---|---|---|---|
| 001 | E152228 | ||
| 008 | 110214s2011 xxk f 000 0 eng d | ||
| 020 | _a9780755999200 | ||
| 035 | _a(Sirsi) u152228 | ||
| 041 | 0 | _aeng | |
| 110 | 2 |
_aScotland _bScottish Government _95344 |
|
| 245 | 0 | 4 |
_aHomes fit for the 21st century _bthe Scottish Government's strategy and action plan for housing in the next decade, 2011-2020 _h[electronic resource] |
| 260 |
_aEdinburgh _bScottish Government _c2011 |
||
| 520 | _aHighlights the Scottish Government's plans for housing over the next 10 years, including conclusions drawn from last year's housing discussion. | ||
| 590 | _aKA | ||
| 651 | 4 |
_aScotland _y1999- |
|
| 690 | _aPROPERTY-RESIDENTIAL PROPERTY-DOMESTIC RESIDENTIAL PROPERTY-HOUSING | ||
| 856 | 4 | 0 |
_uhttps://www.scotland.gov.uk/Publications/2011/02/03132933/0 _zView the consultation free of charge at www.scotland.gov.uk |
| 942 | _n0 | ||
| 999 |
_c111931 _d111931 |
||